| 000 | 00669nam a22002057a 4500 | ||
|---|---|---|---|
| 999 |
_c4676 _d4676 |
||
| 003 | AR-CdUCM | ||
| 008 | 190311b ||||| |||| 00| 0 spa d | ||
| 040 |
_aMUNICIPALIDAD PROVINCIAL DEL CUSCO _cBIBLIOTECA MUNICIPAL DEL CUSCO |
||
| 082 |
_a869.56 / _bB28 |
||
| 100 |
_aBausch, Germán _914535 |
||
| 245 | _aLatidos de la tierra / | ||
| 260 |
_aCusco : _b"Imprenta Garcilaso", _c1955. |
||
| 300 |
_a94 páginas ; _c18.5 cm. |
||
| 500 | _aDonación de la familia Nieto. | ||
| 650 |
_aPoesía peruana - Cusco _914536 |
||
| 650 |
_aPoetas cusqueños - Siglo XX _914537 |
||
| 650 |
_aPoesía contemporánea cusqueña _914538 |
||
| 942 |
_2ddc _cLIBROS |
||
| 945 | _alccs | ||